00818 2200277 4500001002100000005001500021035002000036007000300056040001700059100002300076245012300099250001200222300003200234504002400266020002200290041000800312082001100320084001700331090002100348260003600369650001700405700004400422850001000466008004100476990002300517INLIS00000000000264220260601082335 a0010-0620000015ta aSBPUPADbind0 aQomaruzzaman Awwab1 aIstikharah For Muslimah :bmenentukan pilihan yang tepat /cQomaruzzaman Awwab;penyunting, Elis Sumyati dan Doel Wahab a.-cet.1 a189 hlm. :biilus. ;c15 cm aBibliografi, hlm 38 a978-979-752-878-2 aind a297.51 a297.51 QOM i a297.51 QOM i 4-7 aBandung :bMizan Pustaka,c2008 4aIbadah-Islam apenyunting, Elis Sumyati dan Doel Wahab aPUPAD260601 0  a9876/Arpus-pdg2009